Implicaciones tecnico económicas de la reforma educativa sobre el edificio escolar
Shranjeno v:
| Glavni avtor: | |
|---|---|
| Format: | Neznan |
| Jezik: | Spanish |
| Izdano: |
[San José, Costa Rica]
1972
|
| Teme: | |
| Oznake: |
Označite
Brez oznak, prvi označite!
|
MARC
| LEADER | 00000 a2200000 4500 | ||
|---|---|---|---|
| 003 | 011399 | ||
| 005 | 20221231143818.0 | ||
| 008 | 140114s1972 cr a m 000 ||spasd | ||
| 040 | |c cru CEDI | ||
| 090 | |a TFG 476 | ||
| 100 | |a Agüero Echeverria, José Manuel |9 18021 | ||
| 245 | |a Implicaciones tecnico económicas de la reforma educativa sobre el edificio escolar | ||
| 260 | |c 1972 |a [San José, Costa Rica] | ||
| 300 | |a 173 hojas : cuadros (algunas plegables) gráficos planos (col) ; 28 cm | ||
| 500 | |a Tesis (Ingeniero Civil) Universidad de Costa Rica. | ||
| 501 | |a Ed. mimeografiada | ||
| 650 | |x CONSTRUCCIONES ESCOLARES |9 18022 | ||
| 942 | |c TFG | ||
| 999 | |c 12359 |d 12359 | ||
